000 00452nam a2200169Ia 4500
008 131103s9999 xx 000 0 und d
040 _aLoreto College
041 _aEnglish
082 _aF/GRA
_bLCLIB/16430
100 _aGraham,Winston
245 _aDemelza
_b a novel of cornwall
_cWinston Graham
260 _aLondon
_bColins/Fontana Books
_c1946
300 _a382 p.
_c 382 p.
650 _aFiction in English
850 _aLCLIB
942 _cBK
999 _c15295
_d65774